Państwa według njmniejszego dostępu do internetu - Statystyki

Ogólne statystyki
  • Ten quiz został rozwiązany 19 razy
  • Średni wynik to 15 z 22
Statystyki odpowiedzi
Procent (%) Odpowiedź % Poprawnych
4% Demokratyczna Republika Konga
89%
0,1% Korea Północna
89%
1,3% Erytrea
84%
1,1% Czad
79%
8% Kongo
79%
8% Liberia
79%
2% Niger
79%
6% Somalia
74%
6% Togo
74%
11% Benin
68%
4% Burundi
68%
11% Etiopia
63%
7% Gwinea
63%
11% Burkina Faso
58%
5% Madagaskar
58%
9% Malawi
58%
5% Republika Środkowoafrykańska
58%
5% Sierra Leone
58%
6% Mozambik
53%
7% Komory
42%
5% Tonga
42%
11% Papua Nowa Gwinea
37%
Nie znaleziono quizów pasujących do podanych kryteriów
Rozkład punktacji
Procent ludzi z każdym wynikiem
Percentyl według liczby udzielonych odpowiedzi
Twoja historia wyników
Nie rozwiązałeś tego quizu